|
|
|
|
| LEADER |
00000nam0a2200000 4500 |
| 001 |
111217 |
| 005 |
20231031120742.0 |
| 035 |
|
|
|a (RuTPU)RU\TPU\book\120112
|
| 090 |
|
|
|a 111217
|
| 100 |
|
|
|a 20070312d1978 m y0rusy50 ca
|
| 101 |
0 |
|
|a rus
|
| 102 |
|
|
|a RU
|
| 105 |
|
|
|a c z 000ay
|
| 200 |
1 |
|
|a Времена жизни: Размышления о близком и дорогом
|f А. А. Лиханов
|
| 210 |
|
|
|a Москва
|c Молодая гвардия
|d 1978
|
| 215 |
|
|
|a 288 с.
|c ил.
|
| 610 |
1 |
|
|a художественная литература
|
| 610 |
1 |
|
|a проза
|
| 610 |
1 |
|
|a молодежь
|
| 610 |
1 |
|
|a публицистика
|
| 675 |
|
|
|a Р2
|v 3
|
| 700 |
|
1 |
|a Лиханов
|b А. А.
|g Альберт Анатольевич
|
| 801 |
|
1 |
|a RU
|b 63413507
|c 20070312
|g PSBO
|
| 801 |
|
2 |
|a RU
|b 63413507
|c 20070321
|g PSBO
|
| 942 |
|
|
|c BK
|